Nuevo mes de mayo, para la diócesis de Puebla. Dedicado al sagrado corazón de María Santísima, ...

Detalles Bibliográficos
Formato: Libro
Publicado: Puebla 1871
Materias:
Colección:Banco de datos
Acervo:Biblioteca del Ex Convento de Nuestra Señora de Guadalupe. Zacatecas
Tema general:Mariología
Notas:Buena. XIV,2,27 (4723). Ex libris del P. Cabrera
LEADER 00751nam a22001810004500
035 |a 46109 
036 |a 7293 
245 1 0 |a Nuevo mes de mayo, para la diócesis de Puebla. Dedicado al sagrado corazón de María Santísima, ...  |c tr. José María Rodríguez Alconedo 
260 |a Puebla  |b ed. e imp. Narciso Bassols  |c 1871 
500 |a Buena. XIV,2,27 (4723). Ex libris del P. Cabrera 
650 1 0 |a Mariología 
949 |a CRZ-CG 
959 |a Ex convento de Nuestra Señora de Guadalupe, Museo Regional de Zacatecas, Zacatecas  |b CCC4 
960 |a Convento de Nuestra Señora de Guadalupe, Zacatecas  |b DD87 
961 |a Franciscana  |b OF 
942 |c CRZ-CG 
943 |g Biblioteca del Ex Convento de Nuestra Señora de Guadalupe. Zacatecas 
999 |c 970236  |d 970236